Caminando Por la Vida - Melendi - Estadísticas

Estadísticas generales
  • Esta prueba ha sido intentada 497 veces
  • La puntuación promedio es 263 de 314
Estadísticas de respuestas
% Correcto
la
100%
La
100%
caminando
99%
pero
99%
por
99%
prisa
99%
Sin
99%
sin
99%
vida
99%
Voy
99%
voy
99%
pausa
98%
a
94%
de
94%
De
94%
no
94%
No
94%
sonrisa
94%
tu
94%
94%
con
92%
una
92%
colore'
91%
el
91%
me
91%
temore'
91%
Y
91%
y
91%
hace
90%
llore'
90%
ni
90%
Ni
90%
rumba'
90%
rumba
90%
cuando
88%
88%
mi
88%
temores
88%
Que
87%
que
87%
complejos
86%
siempre
86%
Siempre
86%
Canto
85%
al
84%
en
84%
En
84%
corazón
82%
lo'
82%
daño
81%
ruido
81%
sol
81%
Ay
80%
hacer
80%
Procurando
80%
llorar
77%
carretera
76%
falta
75%
copiloto
74%
llores
74%
Se
74%
hasta
73%
llevo
73%
portal
73%
Tengo
73%
aire
72%
amor
72%
borracho
72%
estrella
72%
lleve
72%
primavera
72%
guitarra
71%
Verso Huele
71%
mundillo
71%
Porque
71%
alergia
70%
calé
70%
del
70%
estaba
69%
le
69%
migas
69%
Milindri
69%
pan
69%
pie'
69%
tirando
69%
cantando
68%
solo'
68%
Vesti'o
68%
vesti'o
68%
ayer
67%
abandone'
66%
fui
66%
las
65%
los
65%
van
65%
coger
64%
Como
64%
dinero
64%
mirada
64%
anterior
63%
cielo
63%
necesito
63%
pido
63%
salud
63%
sobra'o
62%
año
61%
este
61%
flore'
60%
mis
60%
llaman
59%
quiero
59%
tire'
55%
amores
54%
nada
54%
amigos
53%
correspondidos
53%
quieran
53%
dicen
51%
falsas
51%
miradas
51%
galones
49%
corazone'
48%
inexpresión
48%
propone
48%
guerras
47%
palabra
47%
todo'
41%
salir
33%
calme
31%
vea
30%
No se encontraron pruebas coincidentes
Distribución de puntuación
Porcentaje de gente con cada puntuación
Porcentaje por número respondido
Historial de tus puntuaciones
No has intentado esta prueba.